| 000 | 00519nam a2200169Ia 4500 | ||
|---|---|---|---|
| 008 | 230711s9999||||xx |||||||||||||| ||und|| | ||
| 020 | _a978-81-921396-6-1 | ||
| 041 | _aENG | ||
| 082 |
_a621.317 _bHA-C |
||
| 100 | _aHafiz,Qaisar | ||
| 245 | 0 | _aEngineering zone : IES/GATE/PSUs : Guide for control systems : Theory ,Solved Examples & Workdbook practices questions | |
| 250 | _a2nd Ed. | ||
| 260 |
_c2016 _aNew Delhi _bEngineers Zone Publications |
||
| 300 | _a395p. | ||
| 650 | _aElectrical Engineering | ||
| 942 | _cBK | ||
| 999 |
_c6297 _d6297 |
||